| 000 | 00727nam a2200205Ia 4500 | ||
|---|---|---|---|
| 001 | 6937 | ||
| 003 | AR-BaAGN | ||
| 005 | 20231117124209.0 | ||
| 007 | ta | ||
| 008 | 211213s1942 ag |||||||||||||| ||spa d | ||
| 040 |
_dAR-BaAGN _aAR-BaAGN _bspa _eaacr |
||
| 100 |
_aMoreno, Rodolfo, _d1879-1953 _96621 |
||
| 245 | 1 | 0 |
_aDiscurso pronunciado por el señor gobernador de Buenos Aires doctor Rodolfo Moreno : _ben ocasión de la visita oficial a las obras de embellecimiento de la ciudad de Mar del Plata el 4 de abril de 1942 _cRodolfo Moreno |
| 260 |
_aLa Plata : _bTaller de Impresiones Oficiales, _c1942. |
||
| 300 | _a8 páginas | ||
| 336 |
_2rdacontent _btxt |
||
| 337 |
_2rdamedia _bn |
||
| 338 |
_2rdacarrier _bnc |
||
| 942 | _cLIBRO | ||
| 999 |
_c6937 _d6937 |
||